Central Library OPAC University of Rajshahi

The law of apostasy in Islam : (Record no. 38647)

MARC details
000 -LEADER
fixed length control field 00955nam a2200265 a 4500
001 - CONTROL NUMBER
control field 38647
003 - CONTROL NUMBER IDENTIFIER
rucl marc code BD-RjUL
005 - DATE AND TIME OF LATEST TRANSACTION
control field 20211209052832.0
008 - FIXED-LENGTH DATA ELEMENTS--GENERAL INFORMATION
fixed length control field 761025s1924 enkcfh b 000 0 eng
035 ## - SYSTEM CONTROL NUMBER
System control number (BD-RjUL)38755
040 ## - CATALOGING SOURCE
Original cataloging agency DLC
Transcribing agency NOC
Modifying agency NOC
-- OCL
-- BD-RjUL
Language of cataloging eng
041 ## - LANGUAGE CODE
Language code of text/sound track or separate title eng
082 ## - DEWEY DECIMAL CLASSIFICATION NUMBER
Edition number 23
Classification number 297.14
Author mark and year ZWL1924
100 1# - MAIN ENTRY--PERSONAL NAME
Personal name Zwemer, Samuel Marinus,
Dates associated with a name 1867-1952.
9 (RLIN) 223266
245 14 - TITLE STATEMENT
Title The law of apostasy in Islam :
Remainder of title answering the question why there are so few Moslem converts, and giving examples of their moral courage and martyrdom /
Statement of responsibility, etc. by Samuel M. Zwemer.
260 ## - PUBLICATION, DISTRIBUTION, ETC. (IMPRINT)
Place of publication, distribution, etc. London ;
Name of publisher, distributor, etc. Marshall Brothers,
Date of publication, distribution, etc. [1924]
300 ## - PHYSICAL DESCRIPTION
Pagination 164 p. :
Illustrations ill. ;
Size 22 cm.
504 ## - BIBLIOGRAPHY, ETC. NOTE
Bibliography, etc Includes bibliographical references.
650 #0 - SUBJECT ADDED ENTRY--TOPICAL TERM
Topical term or geographic name as entry element Islam
General subdivision Missions.
9 (RLIN) 223268
Topical term or geographic name as entry element Christianity and other religions
General subdivision Islam.
9 (RLIN) 223269
Topical term or geographic name as entry element Apostasy (Islamic law)
9 (RLIN) 98598
Topical term or geographic name as entry element Islam
General subdivision Doctrines
9 (RLIN) 223270
942 ## - ADDED ENTRY ELEMENTS (KOHA)
Source of classification or shelving scheme Dewey Decimal Classification
Koha item type Rare Books
Holdings
Lost status Source of classification or shelving scheme Damaged status Not for loan Collection code Permanent Location Current Location Shelving location Date acquired Source of acquisition Cost, normal purchase price Total Checkouts Full call number Date last seen Copy number Koha item type
  Dewey Decimal Classification   Not For Loan Rare Books Central Library, University of Rajshahi Central Library, University of Rajshahi Rare Book Section 19/11/1966 A.I. Quraishi 19.20   RA 297.14 ZWL 1924 04/10/2018 C-1 Rare Books